00920nab a2200265 uc450000100070000000500170000700800410002403500110006503500210007604000130009704100080011010000450011824500790016365000350024265000280027765000350030565000560034065000250039665000200042165000330044170000410047477301100051594200100062599900190063582507020240201185918.0030606s2002 por  a825070 a(OCoLC)820028804 ccomduadb apor10aCorrente, Jose Eduardo4auteaut935775810aFator de correcao para a distribuicao da Deviance para dados de proporcoes aDistribución binomial963405 aModelos lineales960763 7aSeries de Taylor2embne971271 aDistribución (Teoría de la probabilidad)936326 7aBiometría2dcs924 aVarianza935593 7aProbabilidades2embne94347510aGimenes, Ana Paula4auteaut93799010 tRevista de Matematica e Estatistica (Sao Paulo)gVol. 20, Dic. 2002, p. 175-193w194811x0102-0811087621 cARIMP c286926d286926